[Event "TCh-CHN 2018"]
[Site "China CHN"]
[Date "2018.07.13"]
[Round "11.4"]
[Board "1"]
[White "Sethuraman, S.P."]
[Black "Yu, Yangyi"]
[Result "1/2-1/2"]
[WhiteTitle "GM"]
[BlackTitle "GM"]
[WhiteElo "2664"]
[BlackElo "2764"]
[WhiteTeam "Shandong Jingzhi Team"]
[BlackTeam "Beijing Beiao team"]
[WhiteFideId "5021596"]
[BlackFideId "8603820"]
[EventDate "2018.04.11"]

1. e4 c5 2. Nf3 e6 3. d4 cxd4 4. Nxd4 a6 5. Bd3 Bc5 6. Nb3 Ba7 7. O-O Ne7 8. c4
Nbc6 9. Qe2 O-O 10. Be3 d5 11. Bxa7 Rxa7 12. exd5 exd5 13. Rd1 Re8 14. Nc3 d4
15. Be4 Bf5 16. Bxf5 Nxf5 17. Qf3 Qg5 18. Nd5 h5 19. Qf4 Qxf4 20. Nxf4 g6 21.
Nd5 Re2 22. Rd2 Rxd2 23. Nxd2 Ra8 24. a4 a5 25. Ne4 Kg7 26. Kf1 Ne5 27. b3 Nd7
28. Rd1 Re8 29. Re1 d3 30. Nf4 Nd4 31. Nxd3 Nxb3 32. Rb1 Rxe4 33. Rxb3 b6 34.
Rc3 Nc5 35. Nxc5 bxc5 36. f3 Rd4 37. Ke2 Kf6 38. Rc1 Ke5 39. g3 g5 40. Rc3 f6
41. Re3+ Kf5 42. Rc3 h4 43. Ke3 Ke5 44. Ke2 f5 45. Re3+ Kf6 46. Rc3 Kg6 47. Rc1
Kh5 48. Rc2 hxg3 49. hxg3 f4 50. Kf2 Rd3 51. Re2 Ra3 52. gxf4 gxf4 53. Re4 Ra2+
54. Ke1 Kg5 55. Re5+ Kh4 56. Rxc5 Rxa4 57. Ke2 Ra2+ 58. Kd3 Kg3 59. Rg5+ Kxf3
60. c5 Ra1 61. Kd2 Ra2+ 62. Kd3 a4 63. c6 Re2 64. Ra5 Re6 65. Ra6 Kg3 66. c7 Re8
67. Rxa4 Rc8 68. Rc4 f3 69. Rc6 f2 70. Rg6+ Kf3 71. Rf6+ Kg2 72. Rg6+ Kf1 73.
Rg7 Re8 74. Kd2 Ra8 75. Rf7 Rg8 76. Ke3 Re8+ 77. Kd4 Ke1 78. Kd5 f1=Q 79. Rxf1+
Kxf1 80. Kd6 Rc8 81. Kd7 Rxc7+ 82. Kxc7 1/2-1/2

[Event "TCh-CHN 2018"]
[Site "China CHN"]
[Date "2018.07.13"]
[Round "11.4"]
[Board "2"]
[White "Wen, Yang"]
[Black "Li, Chao b"]
[Result "1/2-1/2"]
[WhiteTitle "GM"]
[BlackTitle "GM"]
[WhiteElo "2604"]
[BlackElo "2703"]
[WhiteTeam "Shandong Jingzhi Team"]
[BlackTeam "Beijing Beiao team"]
[WhiteFideId "8602956"]
[BlackFideId "8604436"]
[EventDate "2018.04.11"]

1. d4 e6 2. Nf3 d5 3. c4 Nf6 4. Nc3 Bb4 5. Bg5 h6 6. Bxf6 Qxf6 7. e3 O-O 8. Rc1
dxc4 9. Bxc4 c5 10. O-O cxd4 11. Nxd4 Bd7 12. Qb3 Nc6 13. Nxc6 Bxc3 14. Qxb7
Bxc6 15. Qxc6 Bxb2 16. Rc2 Rac8 17. Qa4 Rc7 18. Rb1 Be5 19. Bd3 Rxc2 20. Qxc2
Qe7 21. g3 Qc7 22. Qxc7 Bxc7 23. Kf1 Rb8 24. Rxb8+ Bxb8 25. a4 a5 26. Kg2 g5 27.
g4 Kg7 28. h3 Bd6 29. Bb5 Bb4 30. Bc6 Bc3 31. Bb5 Bb4 32. Bc6 Bc3 33. Bb5 Bb4 1/2-1/2

[Event "TCh-CHN 2018"]
[Site "China CHN"]
[Date "2018.07.13"]
[Round "11.4"]
[Board "3"]
[White "Zhao, Jun"]
[Black "Wang, Yiye"]
[Result "1/2-1/2"]
[WhiteTitle "GM"]
[BlackTitle "IM"]
[WhiteElo "2607"]
[BlackElo "2437"]
[WhiteTeam "Shandong Jingzhi Team"]
[BlackTeam "Beijing Beiao team"]
[WhiteFideId "8602522"]
[BlackFideId "8606021"]
[EventDate "2018.04.11"]

1. c4 e5 2. Nc3 Nf6 3. Nf3 Nc6 4. e4 Bb4 5. d3 d6 6. g3 O-O 7. Bg2 Bg4 8. h3
Bxf3 9. Bxf3 Nd4 10. Bg2 c6 11. O-O Nd7 12. h4 f5 13. exf5 Nxf5 14. Ne4 Bc5 15.
Nxc5 Nxc5 16. b4 Ne6 17. b5 Qd7 18. bxc6 bxc6 19. Rb1 Rf7 20. a4 Raf8 21. a5
Nfd4 22. Be3 Nf3+ 23. Kh1 Ned4 24. Rb2 Qg4 25. a6 Rf5 26. Bxd4 Qxd4 27. Rb7 Nxh4
28. gxh4 Qxh4+ 29. Kg1 Rxf2 30. Rxf2 Qxf2+ 31. Kh1 Qh4+ 32. Kg1 Qf2+ 33. Kh1
Qh4+ 1/2-1/2

[Event "TCh-CHN 2018"]
[Site "China CHN"]
[Date "2018.07.13"]
[Round "11.4"]
[Board "4"]
[White "Wang, Yu A."]
[Black "Ning, Kaiyu"]
[Result "1/2-1/2"]
[WhiteTitle "IM"]
[WhiteElo "2303"]
[BlackElo "2217"]
[WhiteTeam "Beijing Beiao team"]
[BlackTeam "Shandong Jingzhi Team"]
[WhiteFideId "8601097"]
[BlackFideId "8614750"]
[EventDate "2018.04.11"]

1. e4 d5 2. exd5 Qxd5 3. Nc3 Qa5 4. d4 c6 5. Bc4 Nf6 6. Nf3 Bf5 7. Bd2 Qc7 8.
Bb3 e6 9. Qe2 Nbd7 10. h3 h6 11. O-O Bd6 12. d5 cxd5 13. Nd4 O-O 14. Nxf5 exf5
15. Nxd5 Nxd5 16. Bxd5 Qxc2 17. Rfc1 Qxb2 18. Rab1 Qd4 19. Bxb7 Rae8 20. Be3 Qe5
21. g3 Re7 22. Qd2 Bc5 23. Bxc5 Nxc5 24. Rb5 Rxb7 25. Rbxc5 Qe4 26. R5c4 Qe5 27.
Rc5 Qe4 28. R5c4 Qe5 29. Rc5 Qe4 30. R5c4 Qe6 1/2-1/2

[Event "TCh-CHN 2018"]
[Site "China CHN"]
[Date "2018.07.13"]
[Round "11.4"]
[Board "5"]
[White "Wang, Jue"]
[Black "Huang, Qian"]
[Result "0-1"]
[WhiteTitle "WGM"]
[BlackTitle "WGM"]
[WhiteElo "2367"]
[BlackElo "2444"]
[WhiteTeam "Beijing Beiao team"]
[BlackTeam "Shandong Jingzhi Team"]
[WhiteFideId "8604070"]
[BlackFideId "8602689"]
[EventDate "2018.04.11"]

1. e4 c5 2. Nf3 d6 3. d4 cxd4 4. Nxd4 Nf6 5. Nc3 a6 6. Bg5 e6 7. f4 h6 8. Bh4
Be7 9. Qf3 Qc7 10. O-O-O Nbd7 11. Be2 b5 12. a3 Rb8 13. Be1 Bb7 14. Qe3 Nb6 15.
Bf3 Nc4 16. Qe2 Ba8 17. g4 g6 18. h4 e5 19. fxe5 dxe5 20. Nb3 a5 21. Nd5 Bxd5
22. exd5 a4 23. Na5 e4 24. Nxc4 bxc4 25. Bg2 O-O 26. Bc3 Rfd8 27. g5 Nxd5 28.
Rxd5 Rxd5 29. Qxe4 Rf5 30. Re1 Bf8 31. h5 Rf4 32. Qe3 Bc5 33. Qh3 Qc8 34. Qh1
Bd4 35. Bxd4 Rxd4 36. hxg6 Qf5 37. gxf7+ Qxf7 38. Qxh6 Re8 39. Rf1 Qxf1+ 0-1

[Event "TCh-CHN 2018"]
[Site "China CHN"]
[Date "2018.07.13"]
[Round "11.5"]
[Board "1"]
[White "Harikrishna, Pentala"]
[Black "Liu, Qingnan"]
[Result "1-0"]
[WhiteTitle "GM"]
[BlackTitle "GM"]
[WhiteElo "2729"]
[BlackElo "2538"]
[WhiteTeam "China Mobil Shanghai Chess Club"]
[BlackTeam "Shenzhen Longgang Chess association"]
[WhiteFideId "5007003"]
[BlackFideId "8603294"]
[EventDate "2018.04.11"]

1. e4 e5 2. Nf3 Nf6 3. Nxe5 d6 4. Nf3 Nxe4 5. d4 d5 6. Bd3 Bd6 7. O-O O-O 8. c4
c6 9. Re1 Bf5 10. Qb3 Na6 11. Nc3 Nec5 12. dxc5 Nxc5 13. Bxf5 Nxb3 14. axb3 dxc4
15. bxc4 Re8 16. Be3 Qc7 17. g3 b6 18. Kg2 Bc5 19. Bf4 Rxe1 20. Rxe1 Bd6 21. Bd2
Bb4 22. h4 a5 23. h5 h6 24. Bf4 Bd6 25. Be3 Bc5 26. Bxc5 bxc5 27. Na4 Qd6 28.
Re5 Rb8 29. Be4 Kf8 30. Rxc5 Rb4 31. Rxa5 Qc7 32. Ra8+ Ke7 33. b3 f5 34. Bc2 f4
35. Nc5 fxg3 36. fxg3 Qb6 37. Nd3 Qe3 38. Nf4 Qc3 39. Ra2 Rb8 40. Ne2 Qf6 41.
Bg6 Rxb3 42. Ned4 Rc3 43. Rd2 Rc1 44. Nf5+ Kf8 45. Re2 Qd8 46. Nd6 c5 47. Re8+
Qxe8 48. Nxe8 Rxc4 49. Nd6 Rc1 50. Kf2 Ke7 51. Ne4 Ke6 52. Ke3 Kd5 53. Bf7+ Kc6
54. Ne5+ Kb5 55. Nd3 1-0

[Event "TCh-CHN 2018"]
[Site "China CHN"]
[Date "2018.07.13"]
[Round "11.5"]
[Board "2"]
[White "Xu, Yi"]
[Black "Cheparinov, Ivan"]
[Result "0-1"]
[WhiteTitle "IM"]
[BlackTitle "GM"]
[WhiteElo "2533"]
[BlackElo "2711"]
[WhiteTeam "China Mobil Shanghai Chess Club"]
[BlackTeam "Shenzhen Longgang Chess association"]
[WhiteFideId "8605564"]
[BlackFideId "2905540"]
[EventDate "2018.04.11"]

1. e4 c5 2. Nf3 d6 3. Bb5+ Nd7 4. O-O a6 5. Bd3 Ngf6 6. Re1 e6 7. a4 b6 8. c3
Bb7 9. Qe2 Qc7 10. Na3 g6 11. Bb1 Bg7 12. d4 O-O 13. Bd3 Rfe8 14. Bd2 e5 15. d5
Bxd5 16. exd5 e4 17. c4 exf3 18. Qxf3 Ne5 19. Qh3 Nxd3 20. Qxd3 Qd7 21. a5 bxa5
22. Bxa5 Nh5 23. Bc3 Nf4 24. Qf3 Bxc3 25. bxc3 Qf5 26. g3 Ne2+ 27. Kg2 Qxf3+ 28.
Kxf3 Nxc3 29. Nc2 Rxe1 30. Rxe1 Rb8 31. Re3 Na2 32. Ra3 Rb2 33. Ne1 Nb4 34. Nd3
Ra2 35. Rxa2 Nxa2 36. Ke3 Nb4 37. Nb2 Nc2+ 38. Kd3 Nd4 39. Na4 Kf8 40. Nb6 Ke7
41. f4 h5 42. Ke4 Nf5 43. Kf3 Kd8 44. h3 Ne7 45. Ke4 Ng8 46. f5 g5 47. f6 Nxf6+
48. Kf5 Nd7 49. Na4 g4 50. h4 Ne5 51. Nb2 Nf3 52. Kf6 Nxh4 53. Kg5 Nf3+ 54. Kxh5
f5 55. Nd3 a5 56. Kg6 Ne5+ 0-1

[Event "TCh-CHN 2018"]
[Site "China CHN"]
[Date "2018.07.13"]
[Round "11.5"]
[Board "3"]
[White "Ni, Hua"]
[Black "Zuo, Yifan"]
[Result "1-0"]
[WhiteTitle "GM"]
[BlackTitle "CM"]
[WhiteElo "2683"]
[BlackElo "2300"]
[WhiteTeam "China Mobil Shanghai Chess Club"]
[BlackTeam "Shenzhen Longgang Chess association"]
[WhiteFideId "8601160"]
[BlackFideId "8614610"]
[EventDate "2018.04.11"]

1. d4 Nf6 2. c4 e6 3. g3 Bb4+ 4. Bd2 Qe7 5. Nf3 Nc6 6. Nc3 O-O 7. Bg2 Bxc3 8.
Bxc3 Ne4 9. Rc1 d6 10. d5 Nxc3 11. Rxc3 Nb8 12. dxe6 fxe6 13. c5 dxc5 14. Qc2
Nd7 15. h4 h6 16. O-O c6 17. Rd1 b6 18. Re3 Re8 19. Bh3 Nf8 20. Ne5 Bb7 21. Rf3
Qc7 22. Qe4 Re7 23. Ng6 Nxg6 24. Bxe6+ Kh7 25. h5 Rxe6 26. Qxe6 Nf8 27. Rxf8
Rxf8 28. Rd7 Qxd7 29. Qxd7 Ba6 30. Qxa7 Bb5 31. a4 Bc4 32. Qxb6 Bxe2 33. Qxc6
Bf3 34. Qxc5 1-0

[Event "TCh-CHN 2018"]
[Site "China CHN"]
[Date "2018.07.13"]
[Round "11.5"]
[Board "4"]
[White "Ushenina, Anna"]
[Black "Ni, Shiqun"]
[Result "1/2-1/2"]
[WhiteTitle "GM"]
[BlackTitle "WGM"]
[WhiteElo "2440"]
[BlackElo "2436"]
[WhiteTeam "Shenzhen Longgang Chess association"]
[BlackTeam "China Mobil Shanghai Chess Club"]
[WhiteFideId "14110911"]
[BlackFideId "8608466"]
[EventDate "2018.04.11"]

1. d4 d5 2. c4 e6 3. Nf3 a6 4. cxd5 exd5 5. Nc3 c6 6. Qc2 Bd6 7. Bg5 Ne7 8. e3
f6 9. Bh4 Bf5 10. Qb3 Nd7 11. Bg3 Bxg3 12. hxg3 Qb6 13. Qxb6 Nxb6 14. Nh4 Bg4
15. Bd3 Kf7 16. Nf3 h5 17. Nd2 a5 18. a4 Nbc8 19. Rb1 Nd6 20. b4 axb4 21. Rxb4
g6 22. O-O Bf5 23. Bxf5 Nexf5 24. e4 dxe4 25. Ndxe4 Rhe8 26. f3 Ra5 27. g4 hxg4
28. fxg4 Nxe4 29. Rxb7+ Re7 30. Rxe7+ Kxe7 31. Nxe4 Nxd4 32. Nxf6 Rxa4 33. Ng8+
Ke8 34. Nf6+ Ke7 35. Ng8+ Ke8 36. Nf6+ Ke7 1/2-1/2

[Event "TCh-CHN 2018"]
[Site "China CHN"]
[Date "2018.07.13"]
[Round "11.5"]
[Board "5"]
[White "An, Zhixiao"]
[Black "Ju, Wenjun"]
[Result "0-1"]
[BlackTitle "GM"]
[WhiteElo "2071"]
[BlackElo "2568"]
[WhiteTeam "Shenzhen Longgang Chess association"]
[BlackTeam "China Mobil Shanghai Chess Club"]
[WhiteFideId "8603251"]
[BlackFideId "8603006"]
[EventDate "2018.04.11"]

1. e4 c5 2. Nf3 e6 3. d4 cxd4 4. Nxd4 a6 5. Bd3 Qc7 6. O-O Nf6 7. Qe2 d6 8. c4
Nbd7 9. b3 g6 10. Bb2 Bg7 11. Rd1 O-O 12. Nc3 b6 13. Rac1 Bb7 14. Bb1 Rad8 15.
Kh1 Qb8 16. f3 Bh6 17. Rc2 e5 18. Ndb5 axb5 19. Nxb5 Nc5 20. Qf2 Bc6 21. Nc3 Bg7
22. Rcd2 Ne6 23. Ba3 Ne8 24. Ne2 Bh6 25. Rc2 Qa7 26. Bb4 Bg7 27. Rcd2 Nc5 28.
Ng3 Bh6 29. Rb2 Nc7 30. a4 N7e6 31. Ne2 Bg7 32. Bc3 f5 33. exf5 gxf5 34. Qg3 Qe7
35. Bc2 Kh8 36. Qf2 e4 37. f4 d5 38. b4 d4 39. bxc5 dxc3 40. Rxb6 Rxd1+ 41. Bxd1
Qd7 42. Qe1 Nxc5 43. Nxc3 Nd3 44. Qd2 Qd4 0-1

[Event "TCh-CHN 2018"]
[Site "China CHN"]
[Date "2018.07.13"]
[Round "11.6"]
[Board "1"]
[White "Liu, Yan"]
[Black "Xiang, Zeyu"]
[Result "1/2-1/2"]
[WhiteTitle "IM"]
[WhiteElo "2495"]
[BlackElo "2435"]
[WhiteTeam "Chongqing Team"]
[BlackTeam "Hangzhou Turbine Team"]
[WhiteFideId "8608962"]
[BlackFideId "8608547"]
[EventDate "2018.04.11"]

1. Nf3 Nf6 2. b3 b6 3. Bb2 Bb7 4. g3 g6 5. Bg2 Bg7 6. c4 c5 7. d4 O-O 8. O-O d5
9. dxc5 dxc4 10. bxc4 Nbd7 11. cxb6 axb6 12. Nbd2 Ra6 13. Nd4 Bxg2 14. Kxg2 Qa8+
15. Kg1 Rc8 16. Nb5 Nc5 17. Be5 Rxa2 18. Rxa2 Qxa2 19. Nc3 Qa7 20. Qb1 Ncd7 21.
Bxf6 Nxf6 22. Qd3 Qd7 23. Nde4 Qxd3 24. exd3 Nxe4 25. Nxe4 Ra8 26. Ng5 Ra3 27.
Rd1 Bd4 28. Nf3 Bc5 29. Kg2 Rc3 30. Kf1 Rc2 1/2-1/2

[Event "TCh-CHN 2018"]
[Site "China CHN"]
[Date "2018.07.13"]
[Round "11.6"]
[Board "2"]
[White "Andreikin, Dmitry"]
[Black "Zou, Chen"]
[Result "1-0"]
[WhiteTitle "GM"]
[BlackTitle "FM"]
[WhiteElo "2719"]
[BlackElo "2384"]
[WhiteTeam "Chongqing Team"]
[BlackTeam "Hangzhou Turbine Team"]
[WhiteFideId "4158814"]
[BlackFideId "8610959"]
[EventDate "2018.04.11"]

1. d4 Nf6 2. c4 e6 3. Nc3 Bb4 4. e3 O-O 5. Bd3 d5 6. Nf3 c5 7. O-O Nc6 8. cxd5
exd5 9. dxc5 Bxc5 10. h3 a6 11. b3 d4 12. exd4 Nxd4 13. Bb2 Bf5 14. Bxf5 Nxf5
15. Qc2 Qa5 16. Nd5 Nxd5 17. Qxf5 Nf6 18. Nh4 Bb4 19. Rac1 Qxf5 20. Nxf5 Rfc8
21. Bxf6 gxf6 22. Rfd1 Bf8 23. g4 b5 24. h4 Rxc1 25. Rxc1 a5 26. h5 a4 27. h6
axb3 28. axb3 Re8 29. Kg2 b4 30. Rc6 Re6 31. Rc8 Re5 32. f4 Re6 33. Kf3 Re1 34.
Ra8 Re6 35. Ng7 Rc6 36. f5 Rd6 37. Nh5 Rc6 38. Ke4 Rd6 39. Nf4 Rd1 40. Nd5 Re1+ 1-0

[Event "TCh-CHN 2018"]
[Site "China CHN"]
[Date "2018.07.13"]
[Round "11.6"]
[Board "3"]
[White "Zhou, Weiqi"]
[Black "Lin, Yi"]
[Result "1-0"]
[WhiteTitle "GM"]
[WhiteElo "2597"]
[BlackElo "2359"]
[WhiteTeam "Chongqing Team"]
[BlackTeam "Hangzhou Turbine Team"]
[WhiteFideId "8601674"]
[BlackFideId "8609659"]
[EventDate "2018.04.11"]

1. e4 e5 2. Nf3 Nf6 3. Nxe5 d6 4. Nf3 Nxe4 5. d4 d5 6. Bd3 Bf5 7. O-O Be7 8. Ne5
Nd7 9. Nc3 Nxe5 10. dxe5 Nxc3 11. bxc3 Bxd3 12. cxd3 O-O 13. Rb1 Rb8 14. d4 Qd7
15. f4 f5 16. Be3 b5 17. Qd3 a5 18. g4 Rb6 19. Rb2 g6 20. gxf5 Qxf5 21. Qxf5
gxf5 22. Kf2 Kf7 23. Kf3 a4 24. Bf2 Rfb8 25. Be1 Rg6 26. Rg2 Rbg8 27. Rg3 R8g7
28. Rh3 Ke6 29. Rh5 c6 30. Bh4 Bxh4 31. Rxh4 Rg2 32. Rxh7 Rxh7 33. Kxg2 Rg7+ 34.
Kf2 Rg4 35. Kf3 Rh4 36. Kg2 Rg4+ 37. Kh1 Rg8 38. a3 c5 39. dxc5 Rc8 40. Rf3 Rxc5
41. h4 Rc4 42. Kg2 d4 43. cxd4 Rxd4 44. h5 b4 45. axb4 Rxb4 46. h6 Kf7 47. Rg3
Rb2+ 48. Kh3 Rb6 49. Rg7+ Kf8 50. Ra7 Rxh6+ 51. Kg3 Rg6+ 52. Kf3 Rb6 53. Rxa4
Ke7 54. Ra3 Rc6 55. Kg2 Ke6 56. Rd3 Ke7 57. Kh2 Ra6 58. Kg3 Rg6+ 59. Kf3 Ra6 60.
Rc3 Rb6 61. Ke3 Ra6 62. Kd4 Ke6 63. Rc4 Rb6 64. Ra4 Rc6 65. Ra3 Rb6 66. Kc5 Rb1
67. Ra6+ Ke7 68. Rf6 Rc1+ 69. Kd4 Rd1+ 1-0

[Event "TCh-CHN 2018"]
[Site "China CHN"]
[Date "2018.07.13"]
[Round "11.6"]
[Board "4"]
[White "Zhou, Zirun"]
[Black "Tan, Zhongyi"]
[Result "0-1"]
[BlackTitle "GM"]
[WhiteElo "2152"]
[BlackElo "2513"]
[WhiteTeam "Hangzhou Turbine Team"]
[BlackTeam "Chongqing Team"]
[WhiteFideId "8610975"]
[BlackFideId "8603642"]
[EventDate "2018.04.11"]

1. d4 g6 2. c4 Bg7 3. Nc3 c5 4. Nf3 cxd4 5. Nxd4 Nc6 6. Nc2 Bxc3+ 7. bxc3 Qa5 8.
Bd2 Nf6 9. f3 b6 10. e4 Ba6 11. Nb4 Ne5 12. Nxa6 Qxa6 13. Qb3 O-O 14. Bg5 Rac8
15. Rd1 Rfe8 16. Be2 Qa5 17. Bxf6 exf6 18. Rd5 Rc5 19. O-O Rxd5 20. cxd5 Qc5+
21. Kh1 Rc8 22. Rc1 Qe3 23. Qb2 Rc5 24. h3 g5 25. Rc2 h5 26. Qc1 Qxc1+ 27. Rxc1
h4 28. Kg1 f5 29. Kf2 f4 30. Ke1 Kf8 31. Kd2 Ke7 32. Rb1 Ra5 33. Rb2 Kd6 34. Kc2
Ra3 35. Kd2 f6 36. Kc2 Nf7 37. Bc4 Kc5 38. Bb3 Ne5 39. Rb1 b5 40. Kb2 Ra6 41.
Rd1 Rb6 42. Kc2 a5 43. a4 bxa4 44. Bxa4 Nc4 45. Kc1 d6 46. Rd4 Ne3 47. Bc2 Nxg2
48. Ra4 Ne1 49. Rxa5+ Kc4 50. Ra8 Kxc3 51. Rc8+ Kb4 52. Bd1 Nd3+ 53. Kd2 Ne5 54.
Rf8 Ra6 55. Rxf6 Ra2+ 56. Bc2 Nxf3+ 57. Kc1 Kc3 0-1

[Event "TCh-CHN 2018"]
[Site "China CHN"]
[Date "2018.07.13"]
[Round "11.6"]
[Board "5"]
[White "Zhao, Shengxin"]
[Black "Lei, Tingjie"]
[Result "0-1"]
[WhiteTitle "WFM"]
[BlackTitle "GM"]
[WhiteElo "2133"]
[BlackElo "2457"]
[WhiteTeam "Hangzhou Turbine Team"]
[BlackTeam "Chongqing Team"]
[WhiteFideId "8608040"]
[BlackFideId "8605114"]
[EventDate "2018.04.11"]

1. d4 g6 2. c4 Nf6 3. Nc3 d5 4. Nf3 Bg7 5. g3 dxc4 6. Qa4+ c6 7. Qxc4 b5 8. Qb3
Be6 9. Qd1 Na6 10. Bg2 Rc8 11. O-O O-O 12. a3 Nd5 13. e4 Nxc3 14. bxc3 c5 15.
Be3 Qa5 16. Bd2 Bc4 17. Re1 Rfd8 18. e5 Nc7 19. Qc1 Ne6 20. Qb2 Qb6 21. Be3 cxd4
22. cxd4 Bd5 23. Red1 Qb7 24. Ne1 Bxg2 25. Nxg2 Rd5 26. Nf4 Nxf4 27. Bxf4 Rcd8
28. Rd2 h5 29. h4 Qd7 30. Rad1 Qg4 31. Kg2 f6 32. f3 Qf5 33. Qb3 Kh7 34. exf6
Bxf6 35. Qe3 Rc8 36. Be5 Bxe5 37. dxe5 Rxe5 38. Qxa7 Rc3 39. Rf2 Ree3 40. Qb7
Rc2 41. Rdd2 Rc1 42. Rde2 Re1 43. Rxe1 Rxe1 44. Rd2 Qc5 45. Qd5 Qg1+ 46. Kh3
Qf1+ 47. Rg2 Qh1+ 48. Rh2 Qf1+ 49. Rg2 Kg7 50. Qd4+ Kf7 51. Qd5+ Kf6 52. Qd4+
Ke6 53. Qb6+ Kf7 54. Qf2 Qxf2 55. Rxf2 Re3 56. Rb2 Rxf3 57. Rxb5 Rxa3 58. Rb6 e6
59. Kg2 Kf6 60. Kf2 Kf5 61. Rb5+ e5 62. Rb4 Rd3 63. Rb6 Rd2+ 64. Ke3 Rg2 65. Kf3
Ra2 66. Rb5 Ra3+ 67. Kf2 Kg4 68. Rxe5 Rf3+ 69. Ke2 Rxg3 70. Re4+ Kh3 71. Ra4 Rg4
72. Ra6 Kxh4 73. Kf3 Rg3+ 74. Kf2 g5 75. Ra1 g4 76. Ra5 Rb3 77. Rc5 Rb2+ 78. Kf1
g3 79. Kg1 Kg4 0-1

[Event "TCh-CHN 2018"]
[Site "China CHN"]
[Date "2018.08.22"]
[Round "12.1"]
[Board "1"]
[White "Xu, Yinglun"]
[Black "Lin, Yi"]
[Result "1-0"]
[WhiteTitle "GM"]
[WhiteElo "2531"]
[BlackElo "2359"]
[WhiteTeam "Guangdong Ding Xin High Tech Team"]
[BlackTeam "Hangzhou Turbine Team"]
[WhiteFideId "8604940"]
[BlackFideId "8609659"]
[EventDate "2018.04.11"]

1. Nf3 Nf6 2. c4 g6 3. Nc3 d5 4. cxd5 Nxd5 5. e4 Nxc3 6. bxc3 Bg7 7. Ba3 O-O 8.
d4 b6 9. Bc4 Bb7 10. O-O c5 11. Qe2 Nc6 12. Rad1 Qc7 13. h4 Na5 14. Bd3 Rfd8 15.
e5 Bd5 16. h5 Qc6 17. hxg6 hxg6 18. Ng5 Bxg2 19. Rfe1 c4 20. e6 f5 21. Bb1 Bd5
22. Bxf5 Bh1 23. f3 Rd5 24. Qh2 Qe8 25. Qh7+ Kf8 26. Nf7 Rxf5 27. Nh6 1-0

[Event "TCh-CHN 2018"]
[Site "China CHN"]
[Date "2018.08.22"]
[Round "12.1"]
[Board "2"]
[White "Li, Shilong"]
[Black "Xiang, Zeyu"]
[Result "1/2-1/2"]
[WhiteTitle "GM"]
[WhiteElo "2498"]
[BlackElo "2435"]
[WhiteTeam "Guangdong Ding Xin High Tech Team"]
[BlackTeam "Hangzhou Turbine Team"]
[WhiteFideId "8600678"]
[BlackFideId "8608547"]
[EventDate "2018.04.11"]

1. d4 d5 2. Bf4 c5 3. e3 Nc6 4. c3 cxd4 5. exd4 Bf5 6. Nd2 e6 7. Qb3 Qd7 8. Ngf3
a6 9. Nh4 Nge7 10. Nxf5 Nxf5 11. Bd3 Bd6 12. Bxd6 Nxd6 13. O-O O-O 14. a3 Rfc8
15. Rae1 Nc4 16. Bxc4 Na5 17. Qc2 Nxc4 18. Nf3 Qd8 19. Re2 b5 20. Ne1 a5 21. Nd3
Rab8 22. Qc1 Qf6 23. Qd1 Qf5 24. Rfe1 h6 25. f3 Rb6 26. Rf2 Qg5 27. Kh1 Qf5 28.
Qe2 Qh5 29. Qd1 Qf5 30. g4 Qf6 31. Rg2 Qh4 32. Ree2 Re8 33. Rg3 Rb7 34. Qc1 Rbe7
35. f4 Nd6 36. Nf2 Rc7 37. g5 hxg5 38. Rg4 Qh5 39. fxg5 b4 40. Qf4 Rc6 41. axb4
axb4 42. cxb4 Nb5 43. Re3 Rc1+ 44. Kg2 Qg6 45. Rxe6 Qxe6 46. Qxc1 Rc8 47. Qf4
Nd6 48. Qe5 Rc2 49. Qxe6 fxe6 50. Kg1 Rc1+ 51. Kg2 Rc2 52. Kg1 Rc1+ 1/2-1/2

[Event "TCh-CHN 2018"]
[Site "China CHN"]
[Date "2018.08.22"]
[Round "12.1"]
[Board "3"]
[White "Zhao, Chenxi"]
[Black "Zou, Chen"]
[Result "0-1"]
[BlackTitle "FM"]
[WhiteElo "2328"]
[BlackElo "2384"]
[WhiteTeam "Guangdong Ding Xin High Tech Team"]
[BlackTeam "Hangzhou Turbine Team"]
[WhiteFideId "8611513"]
[BlackFideId "8610959"]
[EventDate "2018.04.11"]

1. e4 c5 2. Nf3 d6 3. d4 cxd4 4. Qxd4 Nc6 5. Bb5 Bd7 6. Bxc6 Bxc6 7. c4 Nf6 8.
Nc3 g6 9. O-O Bg7 10. h3 O-O 11. Qe3 a6 12. Nd4 Rc8 13. Rd1 Bd7 14. b3 b5 15.
cxb5 axb5 16. e5 Ne8 17. Nf3 Bc6 18. Nd4 Bd7 19. Nf3 Bc6 20. Nd4 Bd7 21. f4 Nc7
22. Ba3 Ne6 23. Nxe6 Bxe6 24. Bb4 Qc7 25. Rac1 Qb7 26. exd6 exd6 27. Rxd6 Rfe8
28. Qf2 Qe7 29. Qd2 Qh4 30. Qf2 Qh5 31. Rd2 h6 32. Rd3 Qf5 33. Rcd1 h5 34. R1d2
Bh6 35. Ne2 Qe4 36. Bc3 Bf5 37. Bb2 Kh7 38. Rd4 Qb1+ 39. Kh2 Rc2 40. Ng3 Rxd2
41. Rxd2 Bc8 42. Be5 h4 43. Ne2 Qe4 44. Nc3 Qf5 45. Rd5 Rxe5 0-1

[Event "TCh-CHN 2018"]
[Site "China CHN"]
[Date "2018.08.22"]
[Round "12.1"]
[Board "4"]
[White "Zhao, Shengxin"]
[Black "Li, Xueyi"]
[Result "1-0"]
[WhiteTitle "WFM"]
[WhiteElo "2133"]
[BlackElo "2187"]
[WhiteTeam "Hangzhou Turbine Team"]
[BlackTeam "Guangdong Ding Xin High Tech Team"]
[WhiteFideId "8608040"]
[BlackFideId "8605912"]
[EventDate "2018.04.11"]

1. d4 d5 2. c4 e6 3. Nf3 Nf6 4. Nc3 c6 5. e3 Nbd7 6. Be2 Bd6 7. O-O O-O 8. Qc2
dxc4 9. a4 e5 10. Bxc4 Qe7 11. h3 a6 12. a5 c5 13. Re1 Rb8 14. b3 Qd8 15. dxc5
Nxc5 16. Ba3 Qe7 17. e4 Be6 18. Bxe6 Nxe6 19. Nd5 Nxd5 20. exd5 Bxa3 21. dxe6 f6
22. Red1 Rbc8 23. Qe4 Bb2 24. Rab1 f5 25. Qh4 Qxh4 26. Nxh4 Bd4 27. Rbc1 Rxc1
28. Rxc1 g6 29. Rc7 Re8 30. Rxb7 Rxe6 31. Nf3 Rc6 32. Nxd4 exd4 33. Kf1 Rc2 34.
Ke1 d3 35. Rb6 Re2+ 36. Kd1 Rxf2 37. Rxa6 Kg7 38. Rd6 Rxg2 39. Rxd3 Ra2 40. b4
f4 41. Rd6 f3 42. Ke1 g5 43. a6 h5 44. b5 Ra5 45. Rd7+ Kf6 1-0

[Event "TCh-CHN 2018"]
[Site "China CHN"]
[Date "2018.08.22"]
[Round "12.1"]
[Board "5"]
[White "Zhou, Zirun"]
[Black "Liu, Manli"]
[Result "1-0"]
[WhiteElo "2152"]
[BlackElo "2159"]
[WhiteTeam "Hangzhou Turbine Team"]
[BlackTeam "Guangdong Ding Xin High Tech Team"]
[WhiteFideId "8610975"]
[BlackFideId "8608121"]
[EventDate "2018.04.11"]

1. d4 Nf6 2. c4 e6 3. Nf3 d5 4. g3 Be7 5. Bg2 O-O 6. O-O dxc4 7. Ne5 Nc6 8. Bxc6
bxc6 9. Nxc6 Qe8 10. Nxe7+ Qxe7 11. Qa4 e5 12. dxe5 Qxe5 13. Nc3 Be6 14. Bf4 Qh5
15. Rad1 g5 16. Bxc7 Ng4 17. h4 gxh4 18. Qb5 f5 19. Nd5 Qf7 20. Bd6 Rfd8 21.
Ne7+ Kg7 22. Be5+ Kh6 23. Bf4+ Kg7 24. Nc6 Re8 25. Ne5 Nxe5 26. Qxe5+ Qf6 27.
gxh4 Qxe5 28. Bxe5+ Kf7 29. Kh2 Rg8 30. f3 Rae8 31. e4 1-0